[Event "Mechanics' Bedjanian TNM; G/2 d/5"]
[Site "San Francisco"]
[Date "2018.10.30"]
[Round "2.7"]
[White "Cortinas, Martin"]
[Black "Ivanov, Aleksandr"]
[Result "0-1"]
[WhiteElo "1724"]
[BlackElo "2167"]
[Annotator "Donaldson"]
[PlyCount "92"]
[EventDate "2018.??.??"]
[Source "ChessBase"]
[SourceDate "2007.09.04"]

1. d4 d5 2. c4 c6 3. Nf3 Nf6 4. Nc3 e6 5. e3 Be7 6. b3 Qa5 7. Bd2 Bb4 8. Qc2
Nbd7 9. Bd3 dxc4 10. bxc4 Qh5 11. O-O g5 12. Ne4 (12. Nb5 $1) 12... Be7 13. Ng3
Qh6 14. e4 Nh5 15. e5 O-O 16. Qc1 (16. Bxh7+ Qxh7 17. Qxh7+ Kxh7 18. Nxh5 g4 {
with some compensation for the pawn.}) 16... Nf4 17. Bxf4 gxf4 18. Ne2 f5 19.
Qxf4 Qg6 20. Qg3 Kf7 21. Qxg6+ hxg6 22. Rfc1 b6 23. a4 Bb7 24. Nc3 g5 25. Re1
g4 26. Nd2 Rh8 27. a5 Bb4 28. Rec1 bxa5 29. Nb3 c5 30. Nxa5 Bxc3 31. Rxc3 cxd4
32. Rb3 {Diagram [#]} Bxg2 $5 33. Kxg2 Nxe5 34. Be2 f4 35. Kg1 f3 36. Bd3 Rh3
37. Rb7+ Kf6 38. Bf1 Rh4 39. Re1 Rah8 40. h3 Rg8 41. Rxe5 gxh3+ 42. Kh2 Rg2+ $1
43. Bxg2 hxg2+ 44. Kg3 g1=Q+ 45. Kxh4 Qxf2+ 46. Kg4 Qg2+ 0-1

[Event "Mechanics' Bedjanian TNM; G/2 d/5"]
[Site "San Francisco"]
[Date "2018.11.13"]
[Round "4.28"]
[White "Cortinas, Martin"]
[Black "Robertson, Terrance"]
[Result "1-0"]
[WhiteElo "1724"]
[BlackElo "1471"]
[PlyCount "61"]
[EventDate "2018.??.??"]
[Source "ChessBase"]
[SourceDate "2007.09.04"]

1. d4 Nf6 2. c4 e6 3. Nc3 Bb4 4. Qc2 O-O 5. a3 Bxc3+ 6. Qxc3 h6 7. Nf3 b6 8.
Bf4 Bb7 9. g3 d6 10. Bg2 Nbd7 11. O-O d5 12. Nd2 c5 13. b4 cxd4 14. Qxd4 e5 15.
Bxe5 Nxe5 16. Qxe5 Re8 17. Qd4 Rxe2 18. Bf3 Re7 19. Rfd1 dxc4 20. Qxc4 Bxf3 21.
Nxf3 Rd7 22. Rdc1 a5 23. Ne5 Rd5 24. Nc6 Qd6 25. Re1 b5 26. Qc2 Rd2 27. Ne7+
Kf8 28. Qf5 axb4 29. Qxb5 bxa3 30. Nf5 Rb2 31. Qxb2 1-0

[Event "Mechanics' Bedjanian TNM; G/2 d/5"]
[Site "San Francisco"]
[Date "2018.12.11"]
[Round "8.26"]
[White "Cortinas, Martin"]
[Black "Simpkins, Jerry"]
[Result "1-0"]
[WhiteElo "1724"]
[BlackElo "1545"]
[PlyCount "73"]
[EventDate "2018.??.??"]
[Source "ChessBase"]
[SourceDate "2007.09.04"]

1. d4 d5 2. c4 e6 3. Nc3 c6 4. Nf3 Nf6 5. Bg5 Be7 6. e3 Ne4 7. Bxe7 Qxe7 8. Bd3
f5 9. Ne5 O-O 10. Ne2 Nd7 11. Nxd7 Bxd7 12. O-O Rf7 13. f3 Nf6 14. Qd2 Raf8 15.
b4 e5 16. Rac1 e4 17. fxe4 fxe4 18. Bb1 Ng4 19. cxd5 cxd5 20. Rxf7 Rxf7 21. h3
Nh6 22. Nf4 Qg5 23. Rc5 Rf5 24. a3 b6 25. Rc7 Bb5 26. Ne6 Rf1+ 27. Kh2 Qf6 28.
Rc8+ Kf7 29. Rf8+ Kxe6 30. Rxf6+ Kxf6 31. Ba2 Ke6 32. Qc2 Nf5 33. Qxe4+ Kf6 34.
Qe5+ Kg5 35. Bxd5 Kh4 36. Bf3 Ng3 37. Qf4# 1-0

[Event "Mechanics' Bedjanian TNM; G/2 d/5"]
[Site "San Francisco"]
[Date "2018.11.27"]
[Round "6.11"]
[White "Cortinas, Martin"]
[Black "Tsodikova, Natalya"]
[Result "0-1"]
[WhiteElo "1724"]
[BlackElo "2200"]
[PlyCount "40"]
[EventDate "2018.??.??"]
[Source "ChessBase"]
[SourceDate "2007.09.04"]

1. d4 Nf6 2. c4 g6 3. Nc3 Bg7 4. e4 d6 5. Nf3 O-O 6. Be2 Nbd7 7. O-O e5 8. dxe5
dxe5 9. Bg5 h6 10. Bxf6 Bxf6 11. b4 c6 12. Qd2 Kg7 13. Rfd1 Qc7 14. a3 Re8 15.
Qd6 Qxd6 16. Rxd6 Nf8 17. h3 Ne6 18. b5 Nd4 19. Nxd4 exd4 20. Na2 Be5 0-1

[Event "Mechanics' Winter TNM; G/2 d5"]
[Site "San Francisco"]
[Date "2018.01.30"]
[Round "4.16"]
[White "Cortinas, Martin A"]
[Black "Argo, Guy"]
[Result "1-0"]
[WhiteElo "1670"]
[BlackElo "1951"]
[Annotator "Donaldson"]
[PlyCount "91"]
[EventDate "2018.??.??"]
[Source "ChessBase"]
[SourceDate "2007.09.04"]

1. d4 Nf6 2. c4 e5 3. dxe5 Ng4 4. Bf4 Nc6 5. Nf3 Bb4+ 6. Nc3 Bxc3+ 7. bxc3 Qe7
8. Qd5 f6 9. exf6 Nxf6 10. Qd3 d6 11. e3 Ne4 12. Nd4 Nc5 13. Qc2 O-O 14. Be2
Ne5 15. O-O b6 16. Bxe5 dxe5 17. Nc6 Qe8 18. Nb4 Bf5 19. Qc1 a5 20. Nd5 Qf7 21.
f3 c6 $2 22. Nxb6 Rab8 23. Qa3 $1 Ne6 24. Qxa5 Qc7 25. c5 $18 Kh8 26. Bc4 Rf6
27. e4 Bg6 28. Bxe6 Rxe6 29. Nc4 Qb7 30. Nd6 Qe7 31. Rab1 Rf8 32. Rb7 Qg5 33.
Qa7 Bh5 34. Nf7+ Bxf7 35. Rxf7 Qe3+ 36. Kh1 Rg8 37. Qa3 Rh6 38. Qc1 Qxc5 39.
Rd1 Qf2 40. Rd2 Qg3 41. h3 g5 42. Rdd7 $2 {Diagram [#]} (42. Qd1 g4 43. fxg4
Rxh3+ 44. gxh3 Qxh3+ 45. Rh2) 42... Ra8 (42... g4 43. fxg4 (43. Qxh6 $4 Qe1+
44. Kh2 g3#) 43... Rxh3+ 44. Kg1 (44. gxh3 $4 Qxh3+ 45. Kg1 Rxg4+ 46. Kf2 Rg2+
47. Ke1 Qh4+ 48. Kd1 Qh1+) 44... Qh2+ 45. Kf2 Qg3+ 46. Kg1 $11) 43. Qd2 Rxh3+
44. gxh3 Qxh3+ 45. Kg1 Qg3+ 46. Kf1 1-0

[Event "Mechanics' Shipman TNM; G/2 d/5"]
[Site "San Francisco"]
[Date "2018.08.07"]
[Round "1.27"]
[White "Cortinas, Martin A"]
[Black "Cowgill, Jackie"]
[Result "1-0"]
[WhiteElo "1719"]
[BlackElo "1104"]
[Annotator "Donaldson"]
[PlyCount "91"]
[EventDate "2018.??.??"]
[Source "ChessBase"]
[SourceDate "2007.09.04"]

1. d4 d5 2. c4 Nc6 3. Nf3 Bg4 4. e3 e5 5. dxe5 Bb4+ 6. Nc3 d4 7. exd4 Bxf3 8.
gxf3 Qxd4 9. Qc2 Qxe5+ 10. Qe4 O-O-O 11. Qxe5 Nxe5 12. Be2 Nd3+ 13. Kf1 Nxc1 ({
Black has played very well so far. Now} 13... Bxc3 14. bxc3 Nxc1 15. Rxc1 Nf6 {
With a better endgame for Black due to White's poor pawn structure.}) 14. Rxc1
Ne7 15. Ne4 f5 16. Ng3 g6 17. a3 Bd2 18. Rc2 Bf4 19. Kg2 h5 20. Rb1 h4 21. Nf1
h3+ 22. Kh1 Nc6 23. Ne3 Nd4 24. Rd2 Nxe2 25. Rxe2 Rhe8 26. Rg1 c6 27. Rxg6 Rg8
28. Rxg8 Rxg8 29. Nxf5 Rg2 30. Ng3 Kc7 31. b3 a5 32. c5 Kb8 33. Re8+ Ka7 34.
Rf8 Bxg3 35. fxg3 Rb2 36. Kg1 Rxb3 37. g4 {Diagram [#]} Rb1+ $2 (37... Rxa3 38.
Kf2 $11 {or} (38. g5 Ra2 {In either case Black should hold a draw.})) 38. Kf2
Rb2+ 39. Kg3 Rd2 40. Kxh3 Rd5 41. f4 Rxc5 42. g5 Rd5 43. g6 Rh5+ 44. Kg3 Rh6
45. f5 Rh5 46. h4 1-0

[Event "Mechanics' Spring TNM; G/2 d5"]
[Site "San Francisco"]
[Date "2018.04.17"]
[Round "5.4"]
[White "Cortinas, Martin A"]
[Black "Davies, Vinzent"]
[Result "1/2-1/2"]
[WhiteElo "1692"]
[BlackElo "2015"]
[PlyCount "51"]
[EventDate "2018.??.??"]
[Source "ChessBase"]
[SourceDate "2007.09.04"]

1. d4 Nf6 2. c4 e6 3. Nf3 b6 4. g3 Bb7 5. Bg2 Be7 6. O-O O-O 7. d5 exd5 8. Nh4
c6 9. cxd5 Nxd5 10. Nf5 Nc7 11. e4 d5 12. Nxe7+ Qxe7 13. Bf4 Rd8 14. Bxc7 Qxc7
15. exd5 Na6 16. Nc3 cxd5 17. Rc1 Qd7 18. Re1 Nc5 19. Nxd5 Kf8 20. b4 Bxd5 21.
bxc5 Bxg2 22. Qxd7 Rxd7 23. Kxg2 bxc5 24. Rxc5 Re8 25. Rxe8+ Kxe8 26. Ra5
1/2-1/2

[Event "Mechanics' Spring TNM; G/2 d5"]
[Site "San Francisco"]
[Date "2018.03.20"]
[Round "1.37"]
[White "Cortinas, Martin A"]
[Black "Enkhjargal, Gabriel"]
[Result "1-0"]
[WhiteElo "1692"]
[BlackElo "943"]
[PlyCount "65"]
[EventDate "2018.??.??"]
[Source "ChessBase"]
[SourceDate "2007.09.04"]

1. d4 d5 2. c4 c6 3. Nf3 Nf6 4. Nc3 e6 5. cxd5 exd5 6. Qc2 Bb4 7. Bg5 h6 8. Bh4
Qb6 9. e3 Be6 10. Bd3 Ne4 11. Bxe4 dxe4 12. Qxe4 Bxc3+ 13. bxc3 Qb2 14. O-O
Qxc3 15. Rfc1 Qb2 16. Rab1 Qa3 17. Qc2 O-O 18. Rxb7 Bd5 19. e4 Bxa2 20. Ra1 Qa6
21. Qb2 Nd7 22. Rxa2 Qd3 23. Qb1 Qxb1+ 24. Rxb1 Rfe8 25. Rb7 Nf6 26. Bxf6 gxf6
27. Nd2 Rad8 28. Ra4 f5 29. f3 fxe4 30. Nxe4 f5 31. Nf6+ Kf8 32. Nxe8 Rxe8 33.
Raxa7 1-0

[Event "Mechanics' Summer TNM; G/2 d5"]
[Site "San Francisco"]
[Date "2018.07.03"]
[Round "6.20"]
[White "Cortinas, Martin A"]
[Black "Francis, Daniel"]
[Result "0-1"]
[WhiteElo "1752"]
[BlackElo "1558"]
[Annotator "Winslow,Elliott"]
[PlyCount "22"]
[EventDate "2018.??.??"]
[Source "ChessBase"]
[SourceDate "2007.09.04"]

1. d4 d5 2. c4 e5 {A certain blitz chess player plays this almost always; over
and over I've done a partial job of learning why nobody (except Morozevich of
course) plays it any more. Here is yet another attempt to show why. Mr.
Cortinas and others: heed up!} 3. dxe5 d4 4. Nf3 Nc6 5. a3 $1 Nge7 () 6. b4 Ng6
7. Bb2 Ngxe5 (7... Be6 8. Bxd4 ()) 8. Nxe5 Nxe5 9. e3 Bg4 () 10. Qxd4 f6 {
Now almost everything is fine -- White could develop knight, develop bishop,
dislodge Black's knight. But vigilance always:  Bxd4 and exd4 are both about
the same -- fine for White, not so fine for Black.} (10... Qxd4 {Z0}) () 11.
Qe4 $4 (11. Nc3) (11. Be2) (11. f4) (11. Nd2) ({even} 11. c5 {
is difficult for Black.}) 11... Qd1# 0-1

[Event "Mechanics' Spring TNM; G/2 d5"]
[Site "San Francisco"]
[Date "2018.04.03"]
[Round "3.16"]
[White "Cortinas, Martin A"]
[Black "Maser, Thomas F"]
[Result "1-0"]
[WhiteElo "1692"]
[BlackElo "1931"]
[PlyCount "61"]
[EventDate "2018.??.??"]
[Source "ChessBase"]
[SourceDate "2007.09.04"]

1. d4 Nf6 2. c4 e6 3. Nf3 Bb4+ 4. Bd2 a5 5. a3 Be7 6. Nc3 d5 7. g3 O-O 8. Bg2
Ne4 9. O-O Nxd2 10. Qxd2 Nd7 11. cxd5 Nb6 12. dxe6 Bxe6 13. e3 c6 14. Ne4 Bd5
15. Ne5 Re8 16. Nc3 Bxg2 17. Kxg2 f6 18. Nd3 Nc4 19. Qe2 b5 20. a4 Bb4 21. Rfc1
Qd7 22. Nc5 Qf7 23. axb5 Bxc3 24. Rxc3 cxb5 25. b3 Nd6 26. Qf3 b4 27. Rc2 Ra7
28. Qc6 Qe7 29. Rca2 Qd8 30. Qd5+ Kh8 31. Nd3 1-0

[Event "Mechanics' Walter Shipman TNM G/2 d/5"]
[Site "San Francisco"]
[Date "2018.10.02"]
[Round "9.19"]
[White "Cortinas, Martin A"]
[Black "McEnroe, Glenn"]
[Result "1-0"]
[WhiteElo "1719"]
[BlackElo "1500"]
[PlyCount "85"]
[EventDate "2018.??.??"]
[Source "ChessBase"]
[SourceDate "2007.09.04"]

1. d4 Nf6 2. c4 g6 3. Nf3 Bg7 4. g3 d5 5. cxd5 Nxd5 6. e4 Nf6 7. Nc3 O-O 8. Bg2
c6 9. O-O Nbd7 10. b3 Re8 11. Bb2 e6 12. Rc1 Nb6 13. Re1 Qc7 14. e5 Nfd5 15.
Nb5 Qb8 16. Nd6 Rd8 17. Ba3 Bf8 18. Ng5 Bxd6 19. Bxd6 Rxd6 20. exd6 Qxd6 21.
Ne4 Qe7 22. Nc5 Nd7 23. Bxd5 cxd5 24. Qd2 Kg7 25. Qf4 Nf6 26. Nd3 Ne8 27. Qe5+
Kg8 28. Qxd5 Qd6 29. Qxd6 Nxd6 30. Ne5 f6 31. Ng4 Ne8 32. Rc4 e5 33. dxe5 Bxg4
34. Rxg4 fxe5 35. Rxe5 Nf6 36. Rf4 Kf7 37. Rc5 Ke6 38. Rfc4 Kd6 39. Rc8 Rxc8
40. Rxc8 Kd7 41. Rf8 Ke7 42. Rb8 b6 43. Rb7+ 1-0

[Event "Mechanics' Winter TNM; G/2 d5"]
[Site "San Francisco"]
[Date "2018.02.13"]
[Round "6.15"]
[White "Cortinas, Martin A"]
[Black "Poling, Scott"]
[Result "0-1"]
[WhiteElo "1670"]
[BlackElo "1841"]
[PlyCount "72"]
[EventDate "2018.??.??"]
[Source "ChessBase"]
[SourceDate "2007.09.04"]

1. d4 Nf6 2. c4 e6 3. Nc3 Bb4 4. Qc2 Nc6 5. Nf3 d6 6. Bd2 O-O 7. a3 Bxc3 8.
Bxc3 d5 9. e3 Ne4 10. Bd3 f5 11. O-O Bd7 12. Nd2 Nxc3 13. Qxc3 Ne7 14. c5 Qe8
15. Rfe1 Bb5 16. Bc2 a5 17. b4 axb4 18. axb4 Qc6 19. Rxa8 Rxa8 20. Ra1 Rxa1+
21. Qxa1 Qa6 22. Qb2 Nc6 23. f4 Bd3 24. Bd1 Be2 25. Bc2 Qb5 26. Nf3 Bxf3 27.
gxf3 Qxb4 28. Qxb4 Nxb4 29. Ba4 b6 30. cxb6 cxb6 31. Kf2 Kf7 32. Ke2 Ke7 33. e4
dxe4 34. fxe4 fxe4 35. Bb3 Kf6 36. Kf2 Kf5 0-1

[Event "Mechanics' Summer TNM; G/2 d/5"]
[Site "San Francisco"]
[Date "2018.06.19"]
[Round "4.25"]
[White "Cortinas, Martin A"]
[Black "Revi, Frank"]
[Result "1-0"]
[WhiteElo "1752"]
[BlackElo "1439"]
[PlyCount "119"]
[EventDate "2018.??.??"]
[Source "ChessBase"]
[SourceDate "2007.09.04"]

1. d4 Nf6 2. c4 e6 3. Nf3 c5 4. d5 d6 5. Nc3 Be7 6. e4 Qc7 7. Be2 O-O 8. O-O a6
9. a4 e5 10. a5 Bg4 11. Ne1 Bd7 12. f4 exf4 13. Bxf4 Qc8 14. h3 Qe8 15. Nd3 Bc8
16. e5 dxe5 17. Bxe5 Nbd7 18. Bh2 b5 19. d6 Bd8 20. Bf3 Qe3+ 21. Kh1 Rb8 22.
cxb5 axb5 23. Re1 Qg5 24. a6 b4 25. a7 bxc3 26. axb8=Q Nxb8 27. Re5 Qd2 28.
Qxd2 cxd2 29. Rxc5 Bb6 30. Rb5 Nbd7 31. Bf4 Ne8 32. Bc6 Bd4 33. Rd5 Bf6 34.
Bxd2 Nb6 35. Rb5 Nc4 36. Bxe8 Nxd6 37. Bxf7+ Kxf7 38. Ra7+ Kg8 39. Rb8 Bf5 40.
Rxf8+ Kxf8 41. Bb4 Bxd3 42. Bxd6+ Kg8 43. b4 Bd4 44. Rd7 Bb5 45. Rb7 Bc6 46.
Rb8+ Kf7 47. b5 Ba7 48. bxc6 Bxb8 49. Bxb8 Ke8 50. g4 Kd8 51. Bd6 g6 52. h4 h6
53. Kg2 Ke8 54. Kg3 h5 55. gxh5 gxh5 56. Kf4 Kd8 57. Kg5 Ke8 58. Kxh5 Kd8 59.
Kg6 Ke8 60. h5 1-0

[Event "Mechanics' Summer TNM; G/2 d/5"]
[Site "San Francisco"]
[Date "2018.07.17"]
[Round "8.19"]
[White "Cortinas, Martin A"]
[Black "Sherwood, Peter"]
[Result "0-1"]
[WhiteElo "1752"]
[BlackElo "1625"]
[PlyCount "94"]
[EventDate "2018.??.??"]
[Source "ChessBase"]
[SourceDate "2007.09.04"]

1. d4 d5 2. c4 c6 3. Nf3 Nf6 4. Bf4 Nbd7 5. Nc3 Nb6 6. cxd5 Nbxd5 7. Bd2 Bf5 8.
Nxd5 Nxd5 9. e3 e6 10. Qb3 Qb6 11. Bc4 Qxb3 12. Bxb3 Be7 13. a3 O-O 14. O-O Nf6
15. Rfc1 Rfd8 16. Be1 Rac8 17. Bc2 Ne4 18. b4 Nd6 19. Ne5 Bxc2 20. Rxc2 f6 21.
Nd3 Rc7 22. Nc5 Kf7 23. f3 Nf5 24. Rc3 Bd6 25. g4 Ne7 26. Ne4 Rcd7 27. Nxd6+
Rxd6 28. Bg3 R6d7 29. Kf2 Nd5 30. Rc5 Ne7 31. Rac1 a6 32. Ke2 Rd5 33. R1c2 Rxc5
34. bxc5 Rd7 35. h4 Rd5 36. Bd6 Nc8 37. Rb2 Nxd6 38. cxd6 Rb5 39. Rc2 Rd5 40.
f4 (40. Rb2 b5 {(Cortinas)}) 40... Rxd6 41. Kd3 Ke7 42. e4 e5 43. d5 cxd5 44.
Rc7+ Rd7 45. Rxd7+ Kxd7 46. fxe5 fxe5 47. exd5 Kd6 0-1

[Event "Mechanics' Spring TNM; G/2 d5"]
[Site "San Francisco"]
[Date "2018.05.01"]
[Round "7.12"]
[White "Cortinas, Martin A"]
[Black "Steger, Eric"]
[Result "0-1"]
[WhiteElo "1692"]
[BlackElo "1933"]
[Annotator "Winslow,Elliott"]
[PlyCount "110"]
[EventDate "2018.??.??"]
[Source "ChessBase"]
[SourceDate "2007.09.04"]

1. d4 d6 2. c4 g6 3. Nc3 Nf6 4. e4 Bg7 5. Nf3 O-O 6. Be2 e5 7. dxe5 dxe5 8.
Qxd8 Rxd8 9. Nd5 Nxd5 10. cxd5 c6 11. Bc4 cxd5 (11... b5 12. Bb3 Bb7) 12. Bxd5
Nd7 (12... Nc6) (12... Na6) 13. Bg5 Re8 14. Rc1 h6 15. Be3 Nf6 16. O-O Nxd5 17.
exd5 Rd8 18. Rfd1 Bg4 19. Rd2 Bxf3 20. gxf3 Rd7 21. Rdc2 b6 22. Rc8+ Rxc8 23.
Rxc8+ Kh7 24. Ra8 g5 25. Kf1 Kg6 26. a4 f5 27. Ke2 Bf6 28. b4 Bd8 29. b5 Kf6
30. Bd2 Be7 31. a5 bxa5 32. Bxa5 Rxd5 33. Rxa7 Rxb5 34. Bc3 Rd5 35. Ra6+ Rd6
36. Ra7 Re6 37. Ra5 Bd6 38. h3 Kf7 39. Kf1 f4 40. Ra7+ Kg6 41. Ra6 Kf5 42. Ra7
Be7 43. Ra5 Bf6 44. Rb5 h5 45. Kg2 g4 46. fxg4+ hxg4 47. hxg4+ Kxg4 48. f3+ Kf5
49. Kf1 Rc6 50. Rb3 Rc5 51. Ke2 Bh4 52. Kd3 Bf2 53. Rb4 $4 Rxc3+ 54. Ke2 Bd4
55. Rb8 Re3+ 0-1

[Event "Mechanics' Winter TNM; G/2 d5"]
[Site "San Francisco"]
[Date "2018.02.27"]
[Round "8.33"]
[White "Cortinas, Martin A"]
[Black "Touset, Stephen"]
[Result "1-0"]
[WhiteElo "1670"]
[BlackElo "1574"]
[PlyCount "35"]
[EventDate "2018.??.??"]
[Source "ChessBase"]
[SourceDate "2007.09.04"]

1. d4 Nf6 2. c4 c5 3. d5 b5 4. cxb5 a6 5. e3 g6 6. Nc3 d6 7. h3 Bg7 8. Nf3 O-O
9. Bc4 axb5 10. Bxb5 Ba6 11. Qd3 Qb6 12. O-O Bxb5 13. Nxb5 Na6 14. Nc3 Nb4 15.
Qc4 Nc2 16. Rb1 Na3 $2 17. bxa3 Qxb1 18. Nxb1 1-0

[Event "Mechanics' Shipman TNM; G/2 d/5"]
[Site "San Francisco"]
[Date "2018.09.04"]
[Round "5.22"]
[White "Cortinas, Martin A"]
[Black "Tuck, Drew"]
[Result "1-0"]
[WhiteElo "1719"]
[BlackElo "1516"]
[PlyCount "73"]
[EventDate "2018.??.??"]
[Source "ChessBase"]
[SourceDate "2007.09.04"]

1. d4 d5 2. c4 e6 3. Nc3 c5 4. cxd5 exd5 5. Nf3 Nc6 6. g3 Nf6 7. Bg2 Be7 8. O-O
O-O 9. dxc5 Bxc5 10. a3 a5 11. Bg5 d4 12. Bxf6 Qxf6 13. Ne4 Qe7 14. Nxc5 Qxc5
15. Rc1 Qd6 16. Nd2 Rd8 17. Nc4 Qf6 18. Nb6 Rb8 19. Nxc8 Rbxc8 20. Qb3 Qe7 21.
Rfe1 Rd6 22. Qb6 Qc7 23. Qc5 Rcd8 24. b4 axb4 25. axb4 Qd7 26. b5 Ne7 27. Qc7
Nd5 28. Bxd5 Rxd5 29. b6 h6 30. Qf4 Rd6 31. Rc7 Qe6 32. Rb1 R6d7 33. Qf3 Qe7
34. Qxb7 Rxc7 35. Qxc7 Rd7 36. Qc8+ Rd8 37. b7 1-0

[Event "Mechanics' Shipman TNM; G/2 d/5"]
[Site "San Francisco"]
[Date "2018.09.18"]
[Round "7.8"]
[White "Cortinas, Martin A"]
[Black "Vickers, Keith"]
[Result "1/2-1/2"]
[WhiteElo "1719"]
[BlackElo "2200"]
[PlyCount "69"]
[EventDate "2018.??.??"]
[Source "ChessBase"]
[SourceDate "2007.09.04"]

1. d4 f5 2. Nf3 Nf6 3. Bg5 e6 4. Nbd2 d5 5. e3 Be7 6. Bb5+ Nbd7 7. a4 a6 8. Be2
O-O 9. O-O b6 10. c4 Bb7 11. cxd5 Nxd5 12. Bxe7 Qxe7 13. Nc4 Kh8 14. Nce5 Nxe5
15. Nxe5 Rf6 16. Bf3 Raf8 17. Qd2 Rh6 18. g3 g5 19. Bg2 Qg7 20. f4 g4 21. Rac1
Qe7 22. Rfe1 Rhf6 23. Qe2 h5 24. h4 Qd6 25. Qc4 Rc8 26. b4 Kg8 27. b5 a5 28.
Kf2 Rff8 29. Re2 Rfe8 30. Rec2 Re7 31. Qb3 Ba8 32. Nc6 Rd7 33. Ne5 Re7 34. Nc6
Rd7 35. Ne5 1/2-1/2

[Event "Mechanics' Winter TNM; G/2 d5"]
[Site "San Francisco"]
[Date "2018.01.16"]
[Round "2.11"]
[White "Cortinas, Martin A"]
[Black "Walder, Michael"]
[Result "1-0"]
[WhiteElo "1670"]
[BlackElo "2134"]
[PlyCount "87"]
[EventDate "2018.??.??"]
[Source "ChessBase"]
[SourceDate "2007.09.04"]

1. d4 Nf6 2. c4 c5 3. d5 e6 4. Nc3 exd5 5. cxd5 d6 6. e4 g6 7. h3 Bg7 8. Bd3
O-O 9. Nf3 a6 10. a4 Re8 11. O-O Nbd7 12. Bf4 c4 13. Bc2 Nc5 14. Re1 Nh5 15.
Bh2 Qb6 16. Rb1 Bd7 17. Nd2 Nd3 18. Bxd3 cxd3 19. Nc4 Qc7 20. Qxd3 b5 21. axb5
axb5 22. Nxd6 Be5 23. Bxe5 Rxe5 24. Ndxb5 Qd8 25. Ra1 Rb8 26. Ra7 Nf4 27. Qf3
g5 28. Nd4 Rxb2 29. Nce2 Nxe2+ 30. Nxe2 Rb4 31. Ng3 Rb6 32. Qc3 f6 33. Qc7 Qxc7
34. Rxc7 Rd6 35. Ra1 Kf8 36. Ra8+ Re8 37. Raa7 Rd8 38. Nf1 f5 39. f3 fxe4 40.
fxe4 Ke8 41. Ne3 Rb6 42. Nc4 Rb1+ 43. Kf2 Bb5 44. Rxh7 1-0

[Event "Mechanics' Shipman TNM; G/2 d/5"]
[Site "San Francisco"]
[Date "2018.08.14"]
[Round "2.7"]
[White "Cortinas, Martin A"]
[Black "Walder, Michael S"]
[Result "0-1"]
[WhiteElo "1719"]
[BlackElo "2031"]
[PlyCount "73"]
[EventDate "2018.??.??"]
[Source "ChessBase"]
[SourceDate "2007.09.04"]

1. d4 g6 2. c4 Bg7 3. Nc3 d6 4. e4 e5 5. dxe5 dxe5 6. Qxd8+ Kxd8 7. Bg5+ (7. f4
) 7... f6 8. Be3 Be6 9. Nf3 Nc6 10. Rd1+ Kc8 11. Be2 Nh6 12. h3 Nf7 13. c5 Nb4
14. O-O Nxa2 15. Nd5 Nd8 16. Rd2 c6 17. Bc4 Nb4 18. Ne7+ Kc7 19. Rfd1 a5 20.
Bxe6 Nxe6 21. Rd7+ Kb8 22. R1d6 Nc7 {Diagram [#]} 23. Nxg6 $1 hxg6 24. Rxg7 Ne8
25. Rd8+ Ka7 26. Rxa8+ Kxa8 27. Rxg6 a4 28. Nd2 (28. Ne1) 28... Nd3 29. Nc4
Nxb2 $1 30. Na3 $2 (30. Nb6+ Ka7 31. Rg3 a3 $4 32. Bc1 $18) 30... Nc7 31. Rg3
$2 Nb5 $2 (31... Rd8 $1) 32. Bc1 $1 Rd8 33. Bxb2 Rd2 34. Bc3 (34. Nc4 $1 Rc2
35. Nb6+ Ka7 36. Nxa4) 34... Rd1+ 35. Kh2 Nxa3 36. h4 (36. Bxe5 $1) 36... Nb5
37. Bb4 {and Black later won in mutual time pressure.} 0-1

[Event "Mechanics' Summer TNM; G/2 d/5"]
[Site "San Francisco"]
[Date "2018.05.29"]
[Round "1.33"]
[White "Cortinas, Martin A"]
[Black "Yu, Prescott"]
[Result "1-0"]
[WhiteElo "1752"]
[BlackElo "1189"]
[PlyCount "49"]
[EventDate "2018.??.??"]
[Source "ChessBase"]
[SourceDate "2007.09.04"]

1. d4 Nf6 2. c4 e6 3. Nf3 b6 4. g3 Bb7 5. Bg2 Bb4+ 6. Bd2 Be7 7. Nc3 O-O 8. O-O
c5 9. e3 Nc6 10. a3 d5 11. cxd5 exd5 12. dxc5 Bxc5 13. b4 Bd6 14. Qb1 h6 15.
Rd1 Ne5 16. Nxe5 Bxe5 17. Ra2 Qd7 18. Be1 Rfc8 19. Ne2 Rc7 20. Rad2 Rac8 21. e4
Qa4 22. exd5 Qxa3 23. d6 Bxg2 24. dxc7 Bxc7 25. Kxg2 1-0

[Event "Mechanics' Spring TNM; G/2 d5"]
[Site "San Francisco"]
[Date "2018.04.17"]
[Round "5.46"]
[White "Cowgill, Jackie"]
[Black "Bennett, Tavis Lee"]
[Result "0-1"]
[WhiteElo "1080"]
[BlackElo "1461"]
[PlyCount "76"]
[EventDate "2018.??.??"]
[Source "ChessBase"]
[SourceDate "2007.09.04"]

1. e4 e5 2. Nf3 Nc6 3. Bb5 Bc5 4. c3 Nge7 5. O-O a6 6. Ba4 b5 7. Bc2 d6 8. d3
b4 9. Bg5 f6 10. Be3 Bxe3 11. fxe3 O-O 12. d4 bxc3 13. bxc3 Bd7 14. Nbd2 Na5
15. Ba4 Qe8 16. Bxd7 Qxd7 17. Nh4 Qc6 18. Nf5 Nxf5 19. exf5 Qxc3 20. Re1 Nc4
21. Nxc4 Qxc4 22. Qd2 c5 23. dxc5 dxc5 24. Rec1 Qg4 25. Rab1 Qxf5 26. Rb7 Rfd8
27. Qf2 Qxf2+ 28. Kxf2 Rd2+ 29. Kf3 Rc8 30. Ra7 Rxa2 31. Rd1 e4+ 32. Kg3 h5 33.
Rdd7 h4+ 34. Kxh4 $4 (34. Kh3 $11) 34... Rxg2 $19 35. Kh3 Rg1 36. Rxa6 c4 37.
Raa7 Rc5 38. Rd8+ Kh7 0-1

[Event "Mechanics' Spring TNM; G/2 d5"]
[Site "San Francisco"]
[Date "2018.05.08"]
[Round "8.42"]
[White "Cowgill, Jackie"]
[Black "Boldi, Nicholas"]
[Result "0-1"]
[WhiteElo "1080"]
[BlackElo "1451"]
[PlyCount "96"]
[EventDate "2018.??.??"]
[Source "ChessBase"]
[SourceDate "2007.09.04"]

1. e4 e6 2. d4 d5 3. Nc3 Nf6 4. e5 Nfd7 5. Nf3 c5 6. Bg5 $6 (6. dxc5 Nc6 7. Bf4
Bxc5 8. Bd3) 6... Qb6 7. Bb5 a6 8. Bxd7+ Nxd7 9. b3 $2 cxd4 10. Qxd4 Qxd4 11.
Nxd4 Nxe5 12. O-O Bd7 13. h3 Bb4 14. Nce2 O-O 15. a3 Bd6 16. b4 Rac8 17. Rac1
Nc4 18. c3 Nxa3 19. Ng3 Bxg3 20. fxg3 Nb5 21. Nxb5 Bxb5 22. Rfe1 Rc4 23. Red1
Rfc8 24. Bd2 Re4 25. Re1 Rxe1+ 26. Bxe1 Rc4 27. Kf2 Re4 28. Kg1 g6 29. g4 Kf8
30. Bf2 Ke7 31. Bc5+ Kf6 32. Bd4+ e5 33. Bb6 Ke6 34. Kh2 Rc4 35. Kg3 d4 36. Re1
dxc3 37. Be3 Rxb4 38. Kh2 Re4 39. Kg3 c2 40. Kf2 Bd3 41. g3 Rc4 42. Bc1 Re4 43.
Re3 Rxe3 44. Kxe3 e4 45. Kd4 a5 46. Kc3 Kd5 47. Kb2 Kc4 48. Bd2 a4 0-1